000 00713nam a22002417a 4500
003 UA-OsUOA
001 48845
007 ta
008 20130815b un ||||| |||| 00| 0 ukr d
100 _aШонк-Русич К.
090 _a7(477)
_bШ78
942 _cBK
040 _aUA-OsUOA
_bukr
_cUA-OsUOA
_dUA-OsUOA
245 _aІсторія українського мистецтва в ілюстраціях
300 _a300 с.
955 _a1
041 _aukr
080 _a7(477)
260 _aН.-Й.
_c1978
650 7 _a7 Мистецтво. Ігри. Спорт.
_2UDC
999 _c428978
_d428978